[Event "SR 3. liga A2 2007/2008"]
[Site "?"]
[Date "2008.03.01"]
[Round "9"]
[White "Skapikova, Lubica"]
[Black "Vagovsky, Jozef"]
[Result "1/2-1/2"]
[WhiteElo "1988"]
[BlackElo "1983"]
[PlyCount "107"]
[EventDate "2007.??.??"]

1. e4 e6 2. d4 d5 3. Nd2 c5 4. c3 cxd4 5. cxd4 dxe4 6. Nxe4 Bb4+ 7. Nc3 Ne7 8.
Nf3 Bd7 9. Be2 Qc7 10. Bd2 a6 11. O-O Bxc3 12. bxc3 Nbc6 13. Ng5 Ng6 14. Bh5
Nce7 15. Re1 O-O 16. Bxg6 hxg6 17. Qf3 Nd5 18. Qh3 Nf6 19. Re5 Qd6 20. Rae1
Rfe8 21. Bf4 Qc6 22. Rc5 Qb6 23. Bc7 Qb2 24. Be5 Nh5 25. g4 Qd2 26. Nf3 Nf4 27.
Nxd2 Nxh3+ 28. Kg2 Ng5 29. h4 Nh7 30. Rc7 Bc6+ $11 31. f3 Rac8 32. Ne4 Rxc7 33.
Bxc7 Nf6 34. Nxf6+ gxf6 35. g5 Rc8 36. Ba5 fxg5 37. hxg5 Bd5 38. Rb1 Rc4 39.
Bb4 e5 40. dxe5 Rg4+ 41. Kh3 Rxg5 42. f4 Rh5+ 43. Kg3 Bxa2 44. Rd1 Be6 45. Rd8+
Kh7 46. Rb8 g5 47. Rxb7 Rh3+ 48. Kg2 g4 49. Rb6 Rf3 50. Rxa6 Bc4 51. Rf6 Bd5
52. Rd6 Bc4 53. Rf6 Bd5 54. Rd6 $11 1/2-1/2

[Event "SR 3. liga A2 2007/2008"]
[Site "?"]
[Date "2008.03.01"]
[Round "9"]
[White "Vlkovic, Pavol"]
[Black "Zisek, Jaroslav"]
[Result "1-0"]
[WhiteElo "1930"]
[BlackElo "1922"]
[PlyCount "33"]
[EventDate "2007.??.??"]

1. e4 c5 2. d4 cxd4 3. c3 dxc3 4. Nxc3 Nc6 5. Nf3 d6 6. Bc4 e6 7. O-O Nf6 8.
Qe2 Be7 9. Rd1 a6 10. a4 b6 11. Bf4 Qc7 12. Rac1 Nd7 13. Ba2 O-O 14. Nd5 Qb7
15. Rxc6 exd5 16. exd5 Bf6 17. Bxd6 1-0

[Event "SR 3. liga A2 2007/2008"]
[Site "?"]
[Date "2008.03.01"]
[Round "9"]
[White "Palka, Martin"]
[Black "Liptak, Dusan"]
[Result "0-1"]
[WhiteElo "1912"]
[BlackElo "1729"]
[PlyCount "66"]
[EventDate "2007.??.??"]

1. e4 c5 2. Nf3 d6 3. d4 cxd4 4. Nxd4 Nf6 5. Nc3 a6 6. Be2 e5 7. Nb3 Be7 8. O-O
O-O 9. a4 Be6 10. f4 exf4 11. Bxf4 Nc6 12. Kh1 Ne5 13. Nd4 Nfd7 14. Nf5 Bxf5
15. exf5 Nf6 16. a5 Qc7 17. g4 Qc6+ 18. Kg1 Ne4 19. Nxe4 Qxe4 20. Bf3 Qxf4 21.
Bxb7 Qe3+ 22. Kh1 Ra7 23. Ra3 Qc5 24. Bd5 Nxg4 25. b4 Nf2+ 26. Kg2 Qxb4 27. Qf3
Bh4 28. h3 Re7 29. c4 Re5 30. Rb3 Qxa5 31. Rfb1 Qd2 32. Rb8 Ng4+ 33. Kf1 Nh2+
0-1

[Event "SR 3. liga A2 2007/2008"]
[Site "?"]
[Date "2008.03.01"]
[Round "9"]
[White "Hornak, Pavol"]
[Black "Fidericky, Milan"]
[Result "0-1"]
[WhiteElo "1792"]
[BlackElo "1883"]
[PlyCount "122"]
[EventDate "2007.??.??"]

1. d4 d5 2. c4 e6 3. Nf3 Nf6 4. g3 c6 5. Nbd2 Bb4 6. Qc2 O-O 7. Bg2 Nbd7 8. O-O
Bxd2 9. Nxd2 Re8 10. b3 Nf8 11. Bb2 Bd7 12. e4 dxe4 13. Nxe4 Nxe4 14. Bxe4 Rc8
15. Rad1 Qc7 16. Qc3 f6 17. Qf3 Red8 18. Qe3 Be8 19. f4 Bf7 20. f5 Re8 21. Qf3
exf5 22. Bxf5 Rcd8 23. Be4 Ne6 24. Qd3 Ng5 25. Bg2 Bg6 26. Qc3 Be4 27. Rde1
Bxg2 28. Kxg2 Qd7 29. h4 Qh3+ 30. Kg1 Ne4 31. Rxe4 Rxe4 32. Bc1 Rexd4 33. Qf3
Rd3 34. Be3 Qd7 35. Kf2 Rd1 36. Rxd1 Qxd1 37. Qe4 Qd7 38. Bxa7 Re8 39. Qf4 Qd1
40. Be3 Qc2+ 41. Kf3 Qxa2 42. b4 Qb3 43. c5 Qd5+ 44. Kf2 Qe4 45. Qxe4 Rxe4 46.
Bd2 Kf7 47. Kf3 f5 48. Bc3 g6 49. Bd2 Ke6 50. Bf4 Rxb4 51. Bd6 Rd4 52. Bc7 Rd5
53. Bb6 Ke5 54. Ke3 Rd1 55. Bc7+ Kd5 56. Bb6 Rb1 57. Kf4 Rb4+ 58. Kg5 Rg4+ 59.
Kh6 Rxg3 60. Kxh7 Rg2 61. Kh6 f4 0-1

[Event "SR 3. liga A2 2007/2008"]
[Site "?"]
[Date "2008.03.01"]
[Round "9"]
[White "Lanik, Miroslav"]
[Black "Olos, Stanislav"]
[Result "1-0"]
[WhiteElo "1580"]
[BlackElo "1565"]
[PlyCount "93"]
[EventDate "2007.??.??"]

1. e4 e5 2. Nf3 Nc6 3. Bb5 a6 4. Ba4 d6 5. O-O Bg4 6. d3 b5 7. Bb3 Nd4 8. Nbd2
Nxb3 9. axb3 Be7 10. h3 Bh5 11. Re1 Bg5 12. c3 c5 13. Nf1 Bxc1 14. Rxc1 Qf6 15.
Re3 Ne7 16. Ng3 Bg6 17. d4 O-O 18. dxe5 dxe5 19. Rd3 Qf4 20. Ra1 Nc6 21. Qe2
Qf6 22. Rd5 Qe7 23. Qe3 c4 24. bxc4 b4 25. cxb4 Qxb4 26. b3 f6 27. Ra4 Qb7 28.
Ra1 Nb4 29. Rd2 Rfd8 30. Rad1 Nc6 31. Nh4 Rxd2 32. Rxd2 Rd8 33. Nhf5 Bf7 34.
Rxd8+ Nxd8 35. Qc5 Ne6 36. Qd5 Qxd5 37. exd5 Nc5 38. b4 Nd3 39. d6 Be8 40. Ne7+
Kf7 41. Nd5 Bd7 42. Ne4 Bc6 43. Nec3 Nb2 44. b5 axb5 45. cxb5 Bxd5 46. Nxd5 Ke6
47. b6 1-0

[Event "SR 3. liga A2 2007/2008"]
[Site "?"]
[Date "2008.03.02"]
[Round "9"]
[White "Ivan, Imrich ml"]
[Black "Ambros, Rafael"]
[Result "1/2-1/2"]
[WhiteElo "2012"]
[BlackElo "2104"]
[PlyCount "166"]
[EventDate "2007.??.??"]

1. Nf3 c5 2. d4 cxd4 3. Nxd4 g6 4. g3 Bg7 5. Bg2 Nf6 6. O-O d5 7. Bf4 Nh5 8.
Bg5 h6 9. Bc1 e6 10. c3 O-O 11. Na3 Nc6 12. Nac2 e5 13. Nxc6 bxc6 14. Nb4 Bb7
15. Qa4 Qc7 16. e4 a5 17. Nd3 Ba6 18. Rd1 Bb5 19. Qc2 Rad8 20. a4 Bxd3 21. Rxd3
Nf6 22. Be3 Nxe4 23. Bxe4 dxe4 24. Rxd8 Rxd8 25. Qxe4 Qd6 26. Bb6 Ra8 27. Qf3
Qd5 28. Qxd5 cxd5 29. Rd1 d4 30. cxd4 exd4 31. Rd2 f5 32. Bxd4 Bxd4 33. Rxd4
Kf7 34. Rd7+ Kf6 35. Rb7 Ra6 36. Rb5 Kg5 37. h4+ Kf6 38. Kg2 Ke6 39. Kf3 h5 40.
Kf4 Kf6 41. b4 axb4 42. a5 Kg7 43. Kg5 f4 44. Rb7+ Kf8 45. gxf4 Rxa5+ 46. Kxg6
Ra1 47. f5 Rb1 48. f6 Rg1+ 49. Kxh5 Rg2 50. f4 Rg3 51. Rxb4 Kf7 52. Rb5 Kxf6
53. Rg5 Rh3 54. Kg4 Rh1 55. Kg3 Rg1+ 56. Kf2 Rh1 57. h5 Rh4 58. Ke3 Rh1 59. Ra5
Re1+ 60. Kf2 Rh1 61. Kg2 Rh4 62. Kf3 Rh1 63. Rg5 Rf1+ 64. Ke4 Re1+ 65. Kd5 Rd1+
66. Kc6 Rf1 67. Rg8 Kf7 68. Rg4 Rh1 69. Rg5 Kf6 70. Kd5 Rd1+ 71. Ke4 Re1+ 72.
Kf3 Rf1+ 73. Ke3 Rh1 74. Kf2 Rh4 75. Kg3 Rh1 76. Re5 Rg1+ 77. Kf2 Rh1 78. Ra5
Rh4 79. Kf3 Rh1 80. h6 Kg6 81. Ke4 Re1+ 82. Kf3 Rf1+ 83. Ke4 Re1+ 1/2-1/2

[Event "SR 3. liga A2 2007/2008"]
[Site "?"]
[Date "2008.03.02"]
[Round "9"]
[White "Pribila, Gerhard"]
[Black "Csefalvay, Stefan"]
[Result "0-1"]
[WhiteElo "2026"]
[BlackElo "1948"]
[PlyCount "114"]
[EventDate "2007.??.??"]

1. e4 c5 2. Nc3 Nc6 3. f4 d6 4. Bb5 Bd7 5. Nf3 e6 6. O-O a6 7. Bxc6 Bxc6 8. d3
Be7 9. Qe1 Qd7 10. Qg3 g6 11. Bd2 Nf6 12. e5 Nh5 13. Qf2 d5 14. Ne2 b6 15. Ng3
Nxg3 $11 16. Qxg3 O-O-O 17. b3 h6 18. Rab1 a5 19. a3 Kc7 20. Qf2 d4 21. b4 axb4
22. axb4 Ra8 23. bxc5 Bxc5 24. Bb4 Bxf3 25. Bxc5 bxc5 26. Qxf3 Qc6 27. Qxc6+
Kxc6 28. Rb2 Rhb8 29. Rfb1 Rxb2 30. Rxb2 h5 31. Kf2 Ra7 $11 32. Kg3 Ra3 33. Kh4
c4 34. Rb4 Rc3 35. Rxc4+ Rxc4 36. dxc4 Kc5 37. Kg5 Kxc4 38. Kf6 Kc3 39. Kxf7
Kxc2 40. Kxe6 d3 41. Kf7 d2 42. e6 d1=Q 43. e7 Qd7 44. Kf8 $11 Qd6 45. Kf7 Qc7
46. g3 Kd3 47. Kf8 Qd6 48. Kf7 Qd7 49. Kf8 $11 Qf5+ 50. Kg7 Qe6 51. Kf8 Qf6+
52. Ke8 Ke4 53. Kd7 Qf7 54. Kd8 Qd5+ 55. Kc7 Qe6 56. Kd8 Qd6+ 57. Ke8 Kf5 0-1

[Event "SR 3. liga A2 2007/2008"]
[Site "?"]
[Date "2008.03.02"]
[Round "9"]
[White "Vizvari, Ludovit"]
[Black "Kocak, Branislav"]
[Result "1/2-1/2"]
[WhiteElo "2050"]
[BlackElo "1855"]
[PlyCount "41"]
[EventDate "2007.??.??"]

1. d4 Nf6 2. c4 g6 3. Nc3 Bg7 4. e4 d6 5. Nf3 O-O 6. Be2 Nc6 7. O-O e5 8. d5
Ne7 9. Ne1 Ne8 10. Nd3 f5 11. f3 f4 12. b4 g5 13. Bd2 Nf6 14. Nf2 h5 15. h3 Ng6
16. Be1 h4 17. Ng4 Nh5 18. Bf2 Ng3 19. Re1 a5 20. b5 b6 21. Qd3 1/2-1/2

[Event "SR 3. liga A2 2007/2008"]
[Site "?"]
[Date "2008.03.02"]
[Round "9"]
[White "Vach, Jozef"]
[Black "Csiba, Peter"]
[Result "0-1"]
[WhiteElo "1944"]
[BlackElo "1987"]
[PlyCount "94"]
[EventDate "2007.??.??"]

1. d4 d5 2. c4 c6 3. Nc3 Nf6 4. Nf3 Bf5 5. e3 e6 6. Be2 Nbd7 7. Nh4 Bg6 8. Nxg6
hxg6 9. h3 Bd6 10. Qb3 Rb8 11. Bd2 a6 12. a4 Qe7 13. O-O g5 14. f4 Nh5 15. Bxh5
Rxh5 16. Qd1 g6 17. c5 Bc7 18. Qf3 gxf4 19. exf4 b6 20. b4 Qf6 21. Ne2 Qh8 22.
Be3 Nf6 23. Nc3 Ng8 24. Ne2 Ne7 25. Ng3 Rh4 26. Rab1 Kd7 27. Rfd1 Rg8 28. Rf1
b5 29. axb5 axb5 30. Ra1 f6 31. Ra2 Bb8 32. Rd2 $11 g5 33. fxg5 fxg5 34. Ne2
Nf5 35. Kf2 g4 36. hxg4 Rhxg4 37. Ke1 Rxg2 38. Nf4 R2g3 39. Qf2 Rxe3+ 40. Kd1
Bxf4 41. Qxf4 Re4 42. Qf3 Rg3 43. Qxg3 Nxg3 44. Rf7+ Ke8 45. Ra7 Qh5+ 46. Kc1
Re1+ 47. Kb2 Re2 0-1

[Event "SR 3. liga A2 2007/2008"]
[Site "?"]
[Date "2008.03.02"]
[Round "9"]
[White "Ivan, Imrich st"]
[Black "Brunovsky, Peter"]
[Result "1-0"]
[WhiteElo "1870"]
[BlackElo "1687"]
[PlyCount "129"]
[EventDate "2007.??.??"]

1. e4 c6 2. d4 d5 3. e5 Bf5 4. Bd3 Bxd3 5. Qxd3 e6 6. f4 c5 7. c3 Nc6 8. Be3
cxd4 9. cxd4 Nge7 10. a3 Nf5 11. Nf3 Nxe3 12. Qxe3 Be7 13. O-O O-O 14. b4 Rc8
15. Rc1 Nb8 16. Nbd2 Nd7 17. Nb3 Nb6 18. Nfd2 Nc4 19. Qe2 Nxd2 20. Qxd2 b6 21.
b5 Qd7 22. a4 Rxc1+ 23. Rxc1 Rc8 24. Rxc8+ Qxc8 25. Qc1 Qxc1+ 26. Nxc1 h5 27.
Nd3 g6 28. Kf2 Kf8 29. Kf3 Kg7 30. h3 Kh8 31. g4 hxg4+ 32. hxg4 Kh7 33. f5 gxf5
34. gxf5 exf5 35. Nf4 Ba3 36. Nxd5 Kg6 37. Nf4+ Kg7 38. d5 Kf8 39. Nh5 Bc1 40.
Ng3 Bb2 41. Kf4 f6 42. exf6 Bxf6 43. Kxf5 Bh4 44. Ne4 Ke7 45. Ke5 Kd7 46. d6
Bd8 47. Kd5 Bh4 48. Nd2 Bd8 49. Nc4 Bh4 50. Ne5+ Kc8 51. Kc6 Bd8 52. Nf7 Bh4
53. d7+ Kb8 54. d8=Q+ Bxd8 55. Nxd8 Ka8 56. Ne6 Kb8 57. Nc7 a6 58. Nxa6+ Ka8
59. Nb4 Ka7 60. Kc7 Ka8 61. Kxb6 Kb8 62. a5 Ka8 63. a6 Kb8 64. Kc6 Ka8 65. Kc7
1-0

[Event "SR 3. liga A2 2007/2008"]
[Site "?"]
[Date "2008.03.02"]
[Round "9"]
[White "Zajicek, Ferdinand"]
[Black "Vegh, Vince"]
[Result "0-1"]
[WhiteElo "1798"]
[BlackElo "1887"]
[PlyCount "120"]
[EventDate "2007.??.??"]

1. e4 c5 2. Nf3 Nc6 3. Nc3 d6 4. h3 Nf6 5. a3 g6 6. Bc4 Bg7 7. d3 a6 8. O-O O-O
9. Ne2 e6 10. c3 d5 11. exd5 exd5 12. Ba2 b5 13. Re1 Bb7 14. d4 c4 15. Ng3 a5
16. b3 Qc7 17. Be3 Rfe8 18. Qd2 Re7 19. Bh6 Rae8 20. Bxg7 Kxg7 21. Rxe7 Rxe7
22. Re1 Qd6 23. b4 axb4 24. axb4 Qd8 25. Rxe7 Qxe7 26. Qe3 Qd8 27. Ne5 Nxe5 28.
Qxe5 Qa8 29. Qe2 h5 30. f3 Bc8 31. Qb2 Qa7 32. Bb1 h4 33. Ne2 Qe7 34. Qd2 Nh5
35. Kf2 f6 36. Qe3 Qxe3+ 37. Kxe3 g5 38. f4 f5 39. fxg5 Kg6 40. Nf4+ Kxg5 41.
Nxd5 Bb7 42. Nc7 Bxg2 43. Ne6+ Kf6 44. Nf4 Nxf4 45. Kxf4 Bxh3 46. d5 Bg4 47. d6
Ke6 48. Bc2 Kxd6 49. Bb1 h3 50. Kg3 Ke5 51. Bc2 f4+ 52. Kh2 Bf5 53. Bd1 Kd5 54.
Bh5 Bd7 55. Bf3+ Ke5 56. Bb7 f3 57. Bxf3 Kf4 58. Bd5 Ke3 59. Kg3 Kd2 60. Kf2
Kxc3 0-1

[Event "SR 3. liga A2 2007/2008"]
[Site "?"]
[Date "2008.03.02"]
[Round "9"]
[White "Varkonyi, Miklos"]
[Black "Kastler, Peter"]
[Result "1-0"]
[WhiteElo "1746"]
[BlackElo "1679"]
[PlyCount "151"]
[EventDate "2007.??.??"]

1. e4 e5 2. Nf3 Nf6 3. d4 Nxe4 4. dxe5 Bc5 5. Be3 Bxe3 6. fxe3 O-O 7. Bd3 Nc5
8. O-O Nxd3 9. cxd3 b6 10. Nbd2 Ba6 11. Ne4 d5 12. exd6 cxd6 13. Rf2 h6 14. Rc1
Bb7 15. Ng3 Nc6 16. d4 Re8 17. Qb3 Na5 18. Qd3 Rc8 19. Rfc2 Rxc2 20. Rxc2 Nc6
21. a3 Ne7 22. e4 Ng6 23. d5 Ne5 24. Nxe5 Rxe5 25. Nf5 Bc8 26. Nxd6 Qxd6 27.
Rxc8+ Kh7 28. Rc2 Qg6 29. Re2 Qg5 30. d6 Qc1+ 31. Kf2 Qf4+ 32. Qf3 Qh4+ 33. Kg1
Qd8 34. Qd3 Qd7 35. Rc2 Re6 36. e5+ g6 37. Rc7 Qd8 38. Qf3 Qe8 39. Qxf7+ Qxf7
40. Rxf7+ Kg8 41. d7 Kxf7 42. d8=Q Rxe5 43. Qc7+ Re7 44. Qf4+ Kg7 45. Qd4+ Kh7
46. Kf2 Rf7+ 47. Ke3 Kg8 48. Qd8+ Kg7 49. b4 Rf8 50. Qe7+ Rf7 51. Qd6 Kh7 52.
Kd4 Kg7 53. Kc4 Rf5 54. Qd7+ Rf7 55. Qxf7+ Kxf7 56. Kb5 Ke7 57. Ka6 Kd6 58.
Kxa7 Kc6 59. a4 b5 60. a5 Kc7 61. Ka6 Kc6 62. h4 g5 63. hxg5 hxg5 64. g4 Kd5
65. Kxb5 Ke4 66. a6 Kf4 67. a7 Kxg4 68. a8=Q Kg3 69. Kc5 g4 70. b5 Kh2 71. Qh8+
Kg1 72. b6 g3 73. b7 g2 74. b8=Q Kf2 75. Qbh2 Kf1 76. Qg7 1-0

[Event "SR 3. liga A2 2007/2008"]
[Site "?"]
[Date "2008.03.02"]
[Round "9"]
[White "Papanek, Lubomir"]
[Black "Korosi, Gejza"]
[Result "1-0"]
[WhiteElo "1667"]
[BlackElo "1534"]
[PlyCount "103"]
[EventDate "2007.??.??"]

1. d4 d5 2. c4 e6 3. Nf3 Nc6 4. e3 Nf6 5. Be2 Be7 6. O-O O-O 7. Nc3 a6 8. a3
Nb8 9. Ne5 Nbd7 10. f4 c6 11. c5 Nxe5 12. fxe5 Nd7 13. Bd3 g6 14. b4 f6 15. Qg4
f5 16. Qe2 Bg5 17. g4 Rf7 18. Bd2 Bh4 19. Rf3 b6 20. gxf5 Qg5+ 21. Kh1 Nf8 22.
e4 Qd8 23. f6 bxc5 24. bxc5 Nd7 25. Rg1 Nxf6 26. exf6 Bxf6 27. e5 Bg7 28. Rxf7
Kxf7 29. Qf3+ Kg8 30. Bg5 Qe8 31. Rf1 Ra7 32. Na4 a5 33. Nb6 Ba6 34. Bxa6 Rxa6
35. Qh3 Ra7 36. Bh6 Rf7 37. Bxg7 Kxg7 38. Kg2 Rxf1 39. Kxf1 Qf7+ 40. Kg2 Qe8
41. Qf3 h5 42. Qf6+ Kh6 43. h4 Kh7 44. Na4 Qc8 45. Qf7+ Kh6 46. Nb6 Qa6 47. Nd7
Qe2+ 48. Qf2 Qxf2+ 49. Kxf2 g5 50. Nb8 g4 51. Nxc6 Kg6 52. Nxa5 1-0

[Event "SR 3. liga A2 2007/2008"]
[Site "?"]
[Date "2008.03.02"]
[Round "9"]
[White "Sekera, Branislav"]
[Black "Meszaros, Lorant"]
[Result "1-0"]
[WhiteElo "2129"]
[BlackElo "2103"]
[PlyCount "89"]
[EventDate "2007.??.??"]

1. d4 f5 2. Nf3 Nf6 3. c4 g6 4. Nc3 Bg7 5. e3 O-O 6. Be2 d6 7. d5 a5 8. O-O Na6
9. Nd4 Nc5 10. Qc2 Bd7 11. Bf3 Rb8 12. b3 e5 13. dxe6 Nxe6 14. Bb2 Ng5 15. Be2
Re8 16. Rfd1 Nge4 17. Rac1 Nxc3 18. Bxc3 b6 19. Bf3 Ne4 20. Ba1 Qe7 21. a3 h5
22. b4 axb4 23. axb4 Ra8 24. b5 Bh6 25. Ne2 Kh7 26. Nf4 Bxf4 27. exf4 Qf7 28.
Re1 Nc5 29. Bxa8 Rxa8 30. Bd4 Be6 31. Re3 Bd7 32. Bxc5 bxc5 33. Qe2 Re8 34.
Rxe8 Bxe8 35. Re1 Bd7 36. Qe7 Kg7 37. Qd8 Be6 38. b6 cxb6 39. Qxd6 Kf6 40. Qe5+
Ke7 41. Ra1 Kd8 42. Ra8+ Bc8 43. Qh8+ Ke7 44. Rxc8 Qxc4 45. Rc7+ 1-0

[Event "SR 3. liga A2 2007/2008"]
[Site "?"]
[Date "2008.03.02"]
[Round "9"]
[White "Szitasi, Janos"]
[Black "Lopatievov, Alexander"]
[Result "0-1"]
[WhiteElo "1987"]
[BlackElo "1905"]
[PlyCount "78"]
[EventDate "2007.??.??"]

1. e4 d6 2. d4 Nf6 3. Bd3 g6 4. Ne2 Bg7 5. O-O O-O 6. c4 c5 7. d5 Nbd7 8. f4 e6
9. Nbc3 exd5 10. exd5 Re8 11. f5 Ne5 12. fxg6 hxg6 13. Bg5 Nxd3 14. Qxd3 Bf5
15. Qd2 Qd7 16. Bxf6 Bxf6 17. h3 Be5 18. Rf2 Qe7 19. Raf1 f6 20. g4 Bd7 21. Qd3
Qg7 22. b3 Rf8 23. Kg2 Rf7 24. Nf4 f5 25. Nfe2 Raf8 26. g5 a6 27. Nd1 Qh7 28.
Nf4 Re7 29. Qg3 b5 30. h4 Rff7 31. Nb2 Bd4 32. Rc2 Re3 33. Rf3 Rfe7 34. Nd1 Re1
35. Nf2 bxc4 36. bxc4 Ra1 37. N4d3 Ba4 38. Rd2 Bc3 39. Nxc5 Be5 0-1

[Event "SR 3. liga A2 2007/2008"]
[Site "?"]
[Date "2008.03.02"]
[Round "9"]
[White "Mackovic, Miroslav"]
[Black "Arpa, Zoltan"]
[Result "0-1"]
[WhiteElo "2033"]
[BlackElo "1843"]
[PlyCount "120"]
[EventDate "2007.??.??"]

1. c4 e6 2. Nc3 Nf6 3. d4 d5 4. cxd5 exd5 5. Bg5 Be7 6. Nf3 c6 7. e3 Bf5 8. Bd3
Bxd3 9. Qxd3 Nbd7 10. O-O O-O 11. Rac1 Re8 12. Nd2 Qb6 13. Bxf6 Nxf6 14. Rc2
Bb4 15. a3 Bxc3 16. Qxc3 Ne4 17. Nxe4 Rxe4 18. Qc5 Qxc5 19. Rxc5 Kf8 20. Rfc1
Ke7 21. b4 Kd7 22. b5 Re6 23. Kf1 Rc8 24. Ke2 Kd6 25. Kd3 Re7 26. bxc6 b6 27.
R5c2 Rec7 28. g4 Rxc6 29. Rxc6+ Rxc6 30. Rb1 Ke6 31. f3 g6 32. e4 f5 33. gxf5+
gxf5 34. e5 Kf7 35. Rb5 Ke6 36. Rb2 Rc1 37. Ke2 Rc3 38. Ra2 f4 39. a4 Re3+ 40.
Kf2 Rd3 41. a5 b5 42. a6 Rxd4 43. Re2 b4 44. Kg2 Rd3 45. Rc2 Rc3 46. Re2 b3 47.
Kh3 Rc2 48. Re1 b2 49. Rb1 Kxe5 50. Kg4 Kd4 51. Kxf4 Kc3 52. Ke5 d4 53. f4 Rc1
54. Rxb2 Kxb2 55. Kxd4 Ra1 56. Ke5 Rxa6 57. f5 Rh6 58. f6 Rxh2 59. f7 Rf2 60.
Ke6 a5 0-1

[Event "SR 3. liga A2 2007/2008"]
[Site "?"]
[Date "2008.03.02"]
[Round "9"]
[White "Both, Lajos"]
[Black "Kozinka, Roman"]
[Result "0-1"]
[WhiteElo "1951"]
[BlackElo "1992"]
[PlyCount "118"]
[EventDate "2007.??.??"]

1. e4 c5 2. c3 d5 3. exd5 Qxd5 4. d4 e6 5. Nf3 Nf6 6. Be3 cxd4 7. Qxd4 Nc6 8.
Qa4 Bd7 9. Qb5 Bd6 10. Bc4 Qxb5 11. Bxb5 a6 12. Bd3 Nd5 13. Ke2 Nf4+ 14. Bxf4
Bxf4 15. Nbd2 Ke7 16. Nc4 Bc7 17. Rhe1 f5 18. Kf1 Kf6 19. Rad1 Rad8 20. Bc2 Bc8
21. Bb3 g5 22. h3 h5 23. Rxd8 Rxd8 24. Rd1 Rxd1+ 25. Bxd1 g4 26. hxg4 hxg4 27.
Ne1 Bd7 28. Nd3 Na5 29. Nxa5 Bxa5 30. Nc5 Bb5+ 31. Be2 Bc6 32. f3 Bb6 33. Nd3
g3 34. Nb4 Bd7 35. Bc4 a5 36. Nc2 Ke5 37. Ke2 Bc6 38. Bd3 Bc5 39. b3 Kf4 40.
Nd4 Bxd4 41. cxd4 e5 42. dxe5 Kxe5 43. a3 f4 44. b4 b6 45. b5 Bd7 46. a4 Be6
47. Bc2 Kd4 48. Kd2 Bc4 49. Bf5 Bb3 50. Bd7 Bxa4 51. Be8 Bb3 52. Kc1 Bc4 53.
Bd7 Bf1 54. Bh3 Ke3 55. Kc2 Bxb5 56. Kc3 Bf1 57. Kb3 b5 58. Bd7 Kf2 59. Bh3
Bxg2 0-1

[Event "SR 3. liga A2 2007/2008"]
[Site "?"]
[Date "2008.03.02"]
[Round "9"]
[White "Zarecky, Eduard"]
[Black "Lelkes st, Bela"]
[Result "1-0"]
[WhiteElo "1906"]
[BlackElo "1869"]
[PlyCount "163"]
[EventDate "2007.??.??"]

1. d4 c6 2. c4 Nf6 3. Nc3 d6 4. Nf3 h6 5. g3 Bf5 6. Bg2 Nbd7 7. O-O g5 8. b3
Bg7 9. Bb2 Nb6 10. Re1 Ne4 11. Nd2 Nxf2 12. Kxf2 Bxd4+ 13. e3 Bg7 14. Nf3 O-O
15. Nd4 Bg6 16. Be4 Qd7 17. Bxg6 fxg6+ 18. Kg2 c5 19. Nf3 Rf7 20. Nd2 Raf8 21.
Qe2 Rf2+ 22. Qxf2 Rxf2+ 23. Kxf2 Qf5+ 24. Ke2 Qh3 25. Rh1 Nd7 26. Raf1 Ne5 27.
Rf2 Ng4 28. Rff1 Qg2+ 29. Kd3 Nf2+ 30. Rxf2 Qxf2 31. Nce4 Qg2 32. Rb1 Qxh2 33.
Bxg7 Kxg7 34. Rf1 Qh3 35. Rf2 b6 36. a4 a5 37. Nf3 Qd7 38. Nc3 Qf5+ 39. e4 Qf7
40. Ke3 e6 41. Nxg5 Qe8 42. Nf7 Qe7 43. Nb5 d5 44. e5 d4+ 45. Kd3 Qb7 46. Nbd6
Qa8 47. Ne4 Qb8 48. Nfd6 g5 49. Rf7+ Kg6 50. g4 Qg8 51. Nf6 Qxf7 52. Nxf7 Kxf7
53. Nd7 h5 54. Nf6 hxg4 55. Nxg4 Kg6 56. Ke4 Kh5 57. Nf2 Kh4 58. Kf3 Kh5 59.
Kg3 Kh6 60. Kg4 Kg6 61. Ne4 d3 62. Kf3 Kf5 63. Ke3 d2 64. Nxd2 Kxe5 65. Ne4 Kf5
66. Nd6+ Ke5 67. Nc8 g4 68. Nxb6 g3 69. Nd7+ Kd6 70. Nf8 Ke5 71. Ng6+ Kf5 72.
Nh4+ Kg4 73. Ng2 Kf5 74. Nh4+ Kg4 75. Ng2 Kf5 76. Nf4 Ke5 77. Nd3+ Kd6 78. Kf3
e5 79. Kxg3 e4 80. Nf4 Ke5 81. Ne2 Kf5 82. Kf2 1-0

[Event "SR 3. liga A2 2007/2008"]
[Site "?"]
[Date "2008.03.02"]
[Round "9"]
[White "Lelkes, Geza"]
[Black "Lukac, Tomas"]
[Result "0-1"]
[WhiteElo "1795"]
[BlackElo "1819"]
[PlyCount "113"]
[EventDate "2007.??.??"]

1. e4 c5 2. Nc3 d6 3. Bc4 Nf6 4. d3 g6 5. h3 Bg7 6. Bd2 a6 7. a3 Nc6 8. Ba2 b5
9. Rb1 O-O 10. Nd5 Bd7 11. Ne2 Rc8 12. O-O e6 13. Nxf6+ Bxf6 14. Qc1 Qc7 15.
Kh1 Nd4 16. Qd1 Nxe2 17. Qxe2 Bc6 18. Bh6 Rfe8 19. f4 d5 20. e5 Bg7 21. Bxg7
Kxg7 22. Rf2 h5 23. c3 d4 24. cxd4 cxd4 25. b4 Qe7 26. Rg1 Rc7 27. Kh2 Ba8 28.
Bb3 Rc3 29. Rb1 Rec8 30. g4 hxg4 31. Qxg4 Rc1 32. Rxc1 Rxc1 33. Bd1 Qb7 34. Bf3
Qc8 35. h4 Bxf3 36. Rxf3 Qc2+ 37. Qg2 Qxg2+ 38. Kxg2 Ra1 39. Rf2 Rxa3 40. Rd2
Rb3 41. Kf2 Rxb4 42. Ra2 Ra4 43. Rb2 b4 44. Ke2 a5 45. Kd2 Ra3 46. Kc2 Kh6 47.
Rb1 Kh5 48. Rh1 Rc3+ 49. Kd2 b3 50. Ra1 b2 51. Rb1 Rb3 52. Kc2 Rb4 53. Rxb2
Rxb2+ 54. Kxb2 Kxh4 55. Kb3 Kg4 56. Kc4 Kxf4 57. Kxd4 0-1

[Event "SR 3. liga A2 2007/2008"]
[Site "?"]
[Date "2008.03.02"]
[Round "9"]
[White "Gajarsky, Julius"]
[Black "Kalmar, Tamas"]
[Result "1-0"]
[WhiteElo "1820"]
[BlackElo "1529"]
[PlyCount "43"]
[EventDate "2007.??.??"]

1. Nf3 d5 2. c4 e6 3. d4 Nf6 4. Nc3 Be7 5. Qc2 c6 6. Bf4 dxc4 7. a4 Nd5 8. Bd2
Nd7 9. e4 Nxc3 10. Qxc3 b5 11. axb5 cxb5 12. b3 Bb7 13. Qe3 Nf6 14. bxc4 bxc4
15. Bxc4 Bxe4 16. Bb5+ Kf8 17. O-O Rb8 18. Be2 Rb7 19. Rfc1 Qb8 20. Ng5 Bg6 21.
Ba6 Rb1 22. Raxb1 1-0

[Event "SR 3. liga A2 2007/2008"]
[Site "?"]
[Date "2008.03.02"]
[Round "9"]
[White "Pinter, Marek"]
[Black "Kozinka, Jan"]
[Result "0-1"]
[WhiteElo "1350"]
[BlackElo "1766"]
[PlyCount "122"]
[EventDate "2007.??.??"]

1. e4 e5 2. Nf3 Nc6 3. Bc4 Be7 4. Nc3 Nf6 5. d3 O-O 6. O-O Na5 7. Bb3 d6 8. h3
Nxb3 9. axb3 h6 10. Bd2 c6 11. Re1 b6 12. Qc1 Qc7 13. Nd1 Be6 14. c4 Nd7 15.
Nh2 Nc5 16. Qc2 f5 17. b4 Nd7 18. f3 Rf7 19. Ne3 f4 20. Neg4 h5 21. Nf2 Bh4 22.
Rf1 Qd8 23. Be1 Qg5 24. Kh1 Nf8 25. Nd1 Bg3 26. Rg1 a6 27. Bxg3 fxg3 28. Nf1 h4
29. Qd2 Qd8 30. Nfe3 Ng6 31. Nc3 Nf4 32. Ne2 Qc8 33. Nxf4 exf4 34. Ng4 Bxg4 35.
fxg4 Qe6 36. Rgf1 Qf6 37. Qc3 Qxc3 38. bxc3 a5 39. b5 c5 40. d4 g5 41. Kg1 Re8
42. Rae1 Rfe7 43. e5 cxd4 44. cxd4 dxe5 45. d5 e4 46. Rd1 Rd7 47. Rd4 Kf7 48.
Rfd1 Rd6 49. Rc1 e3 50. Kf1 Kf6 51. Ke2 Ke5 52. Rd3 Rc8 53. Rdd1 Rd7 54. Rc2
Kd6 55. Rdc1 Kc5 56. Rb1 Re8 57. Rd1 Re4 58. Kd3 Rde7 59. Ke2 Rxc4 60. Rxc4+
Kxc4 61. d6 Rd7 0-1

[Event "SR 3. liga A2 2007/2008"]
[Site "?"]
[Date "2008.03.02"]
[Round "9"]
[White "Pagerka, Martin"]
[Black "Janko, Ladislav"]
[Result "0-1"]
[WhiteElo "2099"]
[BlackElo "2195"]
[PlyCount "76"]
[EventDate "2007.??.??"]

1. d4 g6 2. c4 Bg7 3. Nc3 d6 4. e4 Nc6 5. Be3 e5 6. d5 Nce7 7. Nf3 f5 8. Ng5
Nf6 9. c5 O-O 10. Bc4 h6 11. Ne6 Bxe6 12. dxe6 fxe4 13. cxd6 cxd6 14. Qb3 d5
15. Bxd5 Nfxd5 16. Rd1 Qa5 17. Rxd5 Nxd5 18. Qxd5 Qxd5 19. Nxd5 Rfc8 20. Ne7+
Kf8 21. Nxc8 Rxc8 22. Kd2 b6 23. a4 Ke7 24. Ra1 Rd8+ 25. Kc2 Rd5 26. b4 Kxe6
27. Kb3 Bf8 28. Kc4 a5 29. bxa5 bxa5 30. Rb1 Bb4 31. h4 $11 h5 32. Rb3 Kd6 33.
Ba7 Bc5 34. Bb8+ Kc6 35. Rg3 Rd4+ 36. Kb3 Rb4+ 37. Kc3 Bd4+ 38. Kc2 Rxb8 0-1

[Event "SR 3. liga A2 2007/2008"]
[Site "?"]
[Date "2008.03.02"]
[Round "9"]
[White "Sulek, Viliam"]
[Black "Hecko, Dusan"]
[Result "0-1"]
[WhiteElo "2172"]
[BlackElo "2123"]
[PlyCount "112"]
[EventDate "2007.??.??"]

1. e4 e6 2. d4 d5 3. e5 c5 4. dxc5 Bxc5 5. Qg4 g6 6. b4 Bf8 7. Nf3 h5 8. Qf4
Bh6 9. Ng5 Bxg5 10. Qxg5 Qxg5 11. Bxg5 Nc6 12. Bb5 Bd7 13. Bxc6 Bxc6 14. a4 Ne7
15. Bf6 Rg8 16. Nd2 b6 17. Nf3 Rc8 18. Bxe7 Kxe7 19. Nd4 Rc7 20. Kd2 f6 21.
Rhe1 Bd7 22. c3 g5 23. a5 Rgc8 24. axb6 axb6 25. Ra3 fxe5 26. Rxe5 Kf6 27. Re1
e5 28. Nf3 Re8 29. Ra6 Re6 30. h4 g4 31. Ng5 Rec6 32. Ra3 Bf5 33. f3 Rc4 34.
Re2 d4 35. Ne4+ Bxe4 36. fxe4 dxc3+ 37. Kc2 Rxb4 38. Rxc3 Rxc3+ 39. Kxc3 Rd4
40. Rb2 Rxe4 41. Rxb6+ Kf5 42. Kd3 Re1 43. Rh6 Kf4 44. Kd2 Rg1 45. Rxh5 Rxg2+
46. Kd3 e4+ 47. Kd4 Rd2+ 48. Kc3 Rd3+ 49. Kc2 Rh3 50. Rh8 g3 51. Rf8+ Ke3 52.
Rg8 Rh2+ 53. Kc3 Kf2 54. Rf8+ Kg1 55. Kd4 g2 56. Kxe4 Kh1 0-1